Normal view
MARC view
- M. Altamash Shabbir (00000319845)
Entry Personal Name
001 - CONTROL NUMBER
- control field: 116684
003 - CONTROL NUMBER IDENTIFIER
- control field: NUST
005 - DATE AND TIME OF LATEST TRANSACTION
- control field: 20230912170024.0
008 - FIXED-LENGTH DATA ELEMENTS
- fixed length control field: 230912|| aca||aabn | a|a d
040 ## - CATALOGING SOURCE
- Original cataloging agency: NUST
- Transcribing agency: NUST
100 ## - HEADING--PERSONAL NAME
- Personal name: M. Altamash Shabbir (00000319845)
670 ## - SOURCE DATA FOUND
- Source citation: Work cat.: (NUST): M. Altamash Shabbir (00000319845), Antireflection coatings based on La doped ZnO and Diamond-like carbon via wet-chemistry and vapor deposition methods for PV Applications /, 2022
